Представление документа в формате RUSMARC

ПолеНазваниеЗначение
  Тип записи a
  Библиографический уровень m
001 Контрольный номер RU\bookru\bibl\230832
003 Постоянный идентификатор записи http://www.book.ru/book/230832
005 Дата корректировки 20161026111802.1
010 Индекс ISBN __
a ISBN 978-5-390-00033-5
100 Данные общей обработки 0_
a Данные общей обработки 20130201d2009 mk y0rusy50 ca
101 Язык документа 0_
a Язык текста Русский
102 Страна публикации __
a Страна публикации RU
105 Кодированные данные (монография) __
a Кодированные данные (монография) y ||||000yy
200 Заглавие и сведения об ответственности 1_
a Заглавие Управление персоналом
210 Выходные данные __
a Место издания Москва
c Издательство КноРус
d Дата издания 2009
215 Физическое описание __
a Объем 624
330 Аннотация __
a Аннотация Учебник написан в полном соответствии с Государственным образовательным стандартом по специальности «Менеджмент организации». Он содержит достаточно емкий и многогранный материал по проблемам управления организацией и рассчитан на широкий круг читателей — от студентов и аспирантов до специалистов-практиков и профессионалов. Учебник содержит лекционные материалы по управлению персоналом, включая такие вопросы, как: персонал предприятия как объект управления; место и роль управления персоналом в системе управления предприятием; принципы управления персоналом; функциональное разделение труда и организационная структура службы управления персоналом; кадровое, информационное, техническое и правовое обеспечение системы управления персоналом; анализ кадрового потенциала; перемещения, работа с кадровым резервом, планирование деловой карьеры; подбор персонала и профориентация; подготовка, переподготовка и повышение квалификации персонала; мотивация поведения в процессе трудовой деятельности; профессиональная и организационная адаптация персонала; конфликты в коллективе; оценка эффективности управления персоналом. Для студентов, аспирантов и преподавателей экономических вузов, а также экономистов и менеджеров организаций.
606 Тематические рубрики __
a Основная рубрика Менеджмент
2 Код системы local
608 Указатель предметных рубрик __
a Жанр/форма Учебник
2 Код системы local
675 Индекс УДК __
a Индекс УДК 65.0(075.8)
z Язык издания rus
686 Индексы других классификаций __
a Классификационный индекс 65.291.21я73
2 Код системы rubbk
700 Автор _1
a Фамилия Тебекин А.В.
801 Источник записи _1
a Страна RU
b Организация book_ru
c Дата составления 20130201
g Правила каталогизации RCR
856 Электронный адрес документа 4_
u Универсальный указатель ресурса (URL) http://www.book.ru/book/230832
951 __
a http://www.book.ru/book/230832